000 00495nam a22001457a 4500
005 20120215151531.0
020 _a0789731134
_c498.00
035 _aB-164192
245 _a Using crystel reports 10 /
260 _aNew Delhi
_bTechmedia
_c2005
300 _axxvi, 860p.
_c23cms
700 _aHutnik, Stephen
_942168
942 _2ddc
_cEN
_h005.754
_mUSI
999 _c62898
_d62898